000 00222nam a22000857a 4500
008 160630b xxu||||| |||| 00| 0 eng d
100 _91552
_aGupta, P
245 _aThe Emperor's Nightingale
260 _aNew delhi
_b Dreamland
_c23
999 _c1290
_d1290